000 01235aam a2200325 i 4500
999 _c69212
_d69212
001 69212
003 Mx-PuUPA
005 20240410104313.0
008 201021s2013 enk||||gr|||| 001 0 spa d
020 _a9780745645728
_qrústica
040 _aMx-PuUPA
_bspa
_cMx-PuUPA
_dMx-PuUPA
_erda
041 1 _aeng
_hger
100 1 _910985
_aLuhmann, Niklas,
_d1927-1998
_eautor
240 1 0 _aEinführung in die systemtheorie.
_lInglés
245 1 0 _aIntroduction to systems theory /
_cNiklas Luhmann ; edited by Dirk Baecker ; translated by Peter Gilgen
264 1 _aCambridge, UK :
_bPolity Press,
_c2013
300 _axx, 284 páginas ;
_c23 cm
336 _2rdacontent
_atexto
_btxt
337 _2rdamedia
_asin medio
_bn
338 _2rdacarrier
_avolumen
_bnc
650 4 _aSistemas sociales
650 4 _aTeoría del sistema
700 1 _aBaecker, Dirk,
_eeditor
700 1 _aGilgen, Peter,
_etraducción
765 1 8 _aLuhmann, Niklas, 1927-1998
_dVerlag : Carl-Auer-Systeme, 2002
_tEinführung in die systemtheorie.
942 _2ddc
_cLI
_h301
_iL9517